Normal view MARC view

Entry Personal Name

Number of records used in: 1

001 - CONTROL NUMBER

  • control field: 49425

003 - CONTROL NUMBER IDENTIFIER

  • control field: dpl

005 - DATE AND TIME OF LATEST TRANSACTION

  • control field: 20120622105445.0

008 - FIXED-LENGTH DATA ELEMENTS

  • fixed length control field: 120622|||a|||||| | ||| d

040 ## - CATALOGING SOURCE

  • Original cataloging agency: dpl
  • Transcribing agency: dpl

100 ## - HEADING--PERSONAL NAME

  • Personal name: शर्मा, श्याम सुन्दर

670 ## - SOURCE DATA FOUND

  • Source citation: Work cat.: (dpl): शर्मा, श्याम सुन्दर, सूक्ष्म इलैक्ट /, 2004

670 ## - SOURCE DATA FOUND

  • Source citation: Work cat.: (dpl): शर्मा, श्याम सुन्दर, सूक्ष्म इलैक्ट /, 2004

© Delhi Public Library
Hit Counter
free hit counter